dates importants seconde guerre mondiale - Statistiques

Statistiques générales
  • Ce quiz a été pris 610 fois
  • Le résultat moyen est 8 sur 15
Statistiques - réponses
Hint Réponse % Correct
Allemagne envahit Pologne 1 septembre 1939
92%
bombardements atomiques Hiroshima + Nagasaki 6 + 9 août 1945
73%
de Gaulle appelle résistance 18 juin 1940
71%
débarquement alliés Normandie 6 juin 1944
67%
Allemagne attaque France par Belgique 10 mai 1940
66%
France + RU déclarent guerre Allemagne 3 septembre 1939
66%
capitulation allemande 8 mai 1945
64%
libération des camps printemps 1945
58%
Pétain demande armistice 17 juin 1940
54%
Pearl Harbor 7 décembre 1941
49%
défaite allemande Stalingrad décembre 1942 → février 1943
36%
opération Barbarossa 22 juin 1941
35%
libération Paris 25 août 19440
34%
solution finale 1942
30%
STO France 1943
27%
Aucun quiz correspondant
Distribution des résultats
% des personnes avec chaque résultat
Percentile par nombre de réponses
Votre historique - résultats
Vous n’avez pas pris ce quiz